The politics of liberal education
Αποθηκεύτηκε σε:
| Άλλοι συγγραφείς: | , |
|---|---|
| Μορφή: | Βιβλίο |
| Γλώσσα: | English |
| Δημοσίευση: |
Durham :
Duke University Press,
c1992.
|
| Σειρά: | Post-contemporary interventions
|
| Θέματα: | |
| Ετικέτες: |
Προσθήκη ετικέτας
Δεν υπάρχουν, Καταχωρήστε ετικέτα πρώτοι!
|
MARC
| LEADER | 00000cam a2200000 i 4500 | ||
|---|---|---|---|
| 001 | 1/102543 | ||
| 008 | 000224s1992 enk| ||| |||| ||eng|| | ||
| 020 | |a 0822311992 | ||
| 035 | |l 10058125 | ||
| 040 | |a GR-MyUa |b gre |e AACR2 | ||
| 041 | 0 | |a eng | |
| 082 | 7 | |a 370.112 |2 (22) | |
| 245 | 0 | 4 | |a The politics of liberal education / |c edited by Darryl J. Gless and Barbara Herrnstein Smith. |
| 260 | |a Durham : |b Duke University Press, |c c1992. | ||
| 300 | |a 305 σ. ; |c 23 εκ. | ||
| 490 | 1 | |a (Post-contemporary interventions) | |
| 500 | |a Revised papers originally presented at a conference held in Duke University and the University oh North Carolina. | ||
| 500 | |a All but two essays previously published as vol. 89, no 1 (winter 1990) of the South Atlantic quarterly. | ||
| 504 | |a Περιλαμβάνει βιβλιογραφικές παραπομπές και ευρετήριο. | ||
| 650 | 0 | |a Education, Humanistic |z United States |x Congresses. | |
| 700 | 1 | |a Gless, Darryl J., |d 1945-2014, |e edt | |
| 700 | 1 | |a Smith, Barbara Herrnstein, |e edtf | |
| 830 | 0 | |a Post-contemporary interventions | |
| 852 | |a INST |b RHODES |e 20000224 |h 370.112 POL |p 005400013354 |q 005400013354 |t BK |y 0 | ||
| 901 | |a BIBL4-2000-1 | ||
| 922 | |a 4ΕΛΗ |b 200002 |c ΚΠΣ/154 |d GLORY BOOKS | ||
| 970 | |z 2000/02/24 | ||